000 00972nam a2200229 i 4500
001 Rebiun00562620
003 IT-RoINE
005 20220221100839.0
008 970408s1961 sp 000 ||spa d
040 _aSpMaUCGH
_cIT-RoINE
_dIT-RoINE
080 _a929Cuervo, Rufino José
100 1 _aCuervo, Rufino José,
_d1844-1911
_939807
245 1 0 _aCartas inéditas de Rufino José Cuervo a Emilio Teza (1887-1911) /
_c[introducción] José Ignacio Tellechea Idígoras.
260 _aMadrid :
_bImprenta Silverio Aguirre Torre,
_c1961.
300 _a166 p. ;
_c24 cm.
336 _2rdacontent
500 _aSeparata de: Boletín de la Real Academia Española, Tomo XLI, Cuadernos CLXII (ene.-abr. 1961), CLXIII (may-ago. 1961), CLXIV (sep.-dic.1961).
600 1 4 _aCuervo, Rufino José,
_d1844-1911
_xCorrespondencia
_970931
700 1 _92769
_aTellechea Idígoras, José Ignacio,
_d1928-2008
700 1 _aTeza, Emilio,
_d1831-1912
_970932
942 _2IT-RoINE
_cMTS
999 _c36603
_d36603